Sports Quiz

Random Sports or Decade Quiz

3 World Series Losses in 10 Years Quiz Stats

 Plays Quiz Updated Jul 12, 2019

Score 0/9 Timer 02:00
35 Plays Today
Years MLB Team % Correct
1921-1926 (3)New York Yankees
96.5%
1955-1964 (5)New York Yankees
96.5%
1947-1956 (5)Brooklyn Dodgers
91.4%
1974-1978 (3)Los Angeles Dodgers
91.4%
1991-1999 (4)Atlanta Braves
89.2%
1932-1938 (3)Chicago Cubs
87.8%
1911-1917 (4)New York Giants
81.8%
1917-1924 (3)New York Giants
81.7%
1907-1909 (3)Detroit Tigers
65.2%

You're not logged in!

Compare scores with friends on all Sporcle quizzes.
OR
Log In

Sporcle TV

Today on Sporcle TV


Watch our educational content, quiz creation guides, and fun videos on Sporcle TV.

Show Comments

Extras

Top Quizzes Today


Score Distribution

Your Account Isn't Verified!

In order to create a playlist on Sporcle, you need to verify the email address you used during registration. Go to your Sporcle Settings to finish the process.

Report this User

Report this user for behavior that violates our Community Guidelines.

Details: